[Event "IRL-ch"]
[Site "Dublin"]
[Date "2015.07.12"]
[Round "9"]
[White "Crichton, Martin"]
[Black "O'Rourke, Ray"]
[Result "0-1"]
[WhiteElo "1973"]
[BlackElo "1984"]
[PlyCount "93"]
[EventDate "2015.07.04"]
[EventType "swiss"]
[EventRounds "9"]
[EventCountry "IRL"]
[SourceTitle "CBM 167 Extra"]
[Source "ChessBase"]
[SourceDate "2015.09.14"]
[SourceVersion "1"]
[SourceVersionDate "2015.09.14"]
[SourceQuality "1"]

1. c4 Nf6 2. Nc3 g6 3. Nf3 Bg7 4. g3 d6 5. Bg2 0-0 6. 0-0 e5 7. d3 Nc6 8. Bd2 Re8 9. Qc1 Nh5 10. Ng5 h6 11. Nf3 Kh7 12. e4 f5 13. Nd5 f4 14. gxf4 Bg4 15. Qd1 Nd4 16. Ng5+ hxg5 17. Qxg4 c6 18. Nc3 gxf4 19. Ne2 Ne6 20. Bh3 Bh6 21. f3 Nf6 22. Qg2 Ng5 23. Kh1 Rg8 24. Rg1 d5 25. cxd5 cxd5 26. Bc3 Qe7 27. a3 dxe4 28. dxe4 Nfxe4 29. Bb4 Nxh3 30. Bxe7 Nhf2+ 31. Qxf2 Nxf2+ 32. Kg2 Nd3 33. Rgd1 e4 34. fxe4 Ne5 35. Nd4 Rge8 36. Bd6 Nc4 37. e5 Ne3+ 38. Kf3 Nxd1 39. Rxd1 Rad8 40. Rc1 Rd7 41. Nb5 Bf8 42. Rc4 Bxd6 43. exd6 a6 44. Rc7 Rxc7 45. Nxc7 Rd8 46. Kxf4 Rxd6 47. Ne8 0-1

[Event "IRL-ch"]
[Site "Limerick"]
[Date "2013.07.14"]
[Round "9.10"]
[White "Twomey, Pat"]
[Black "Crichton, Martin"]
[Result "1/2-1/2"]
[WhiteElo "1875"]
[BlackElo "1965"]
[PlyCount "114"]
[EventDate "2013.07.06"]
[EventType "swiss"]
[EventRounds "9"]
[EventCountry "IRL"]
[SourceTitle "EXT 2023"]
[Source "ChessBase"]
[SourceDate "2022.10.05"]
[SourceVersion "1"]
[SourceVersionDate "2022.10.05"]
[SourceQuality "1"]

1. e3 d5 2. c4 c6 3. d4 Nf6 4. Nc3 a6 5. a4 Bf5 6. Nf3 e6 7. Be2 a5 8. 0-0 Bd6 9. Ne5 Qc7 10. f4 h5 11. h3 Nbd7 12. Bd2 Bb4 13. cxd5 exd5 14. Rc1 Bxc3 15. Bxc3 g6 16. Be1 Kf8 17. Qb3 Kg7 18. Bh4 Be4 19. Bf3 Nb6 20. Bxf6+ Kxf6 21. Bxe4 dxe4 22. Qc2 Qd6 23. f5 gxf5 24. Qxe4 Qe6 25. g4 hxg4 26. hxg4 Rag8 27. Rxf5+ Ke7 28. Rxf7+ Ke8 29. Qf5 Qxf5 30. Rxf5 Nd7 31. Kg2 Rh4 32. Kg3 Rgh8 33. Nxd7 Kxd7 34. Rcf1 Rh3+ 35. Kf4 Rh2 36. g5 R8h4+ 37. Ke5 Kc7 38. R1f2 R2h3 39. R2f3 Rh2 40. b3 Rg2 41. R3f4 Rh3 42. Rf3 Rh4 43. e4 Rhg4 44. R3f4 R4g3 45. Rf7+ Kb6 46. Rg7 Rxg5+ 47. Rxg5 Rxg5+ 48. Kf6 Rg3 49. e5 Re3 50. e6 Kc7 51. Ke7 Rxb3 52. Re4 Rf3 53. Ke8 Rf1 54. e7 Rf2 55. Re5 Rf4 56. d5 cxd5 57. Rxd5 b6 1/2-1/2

[Event "IRL-ch"]
[Site "Limerick"]
[Date "2013.07.12"]
[Round "7.7"]
[White "Crichton, Martin"]
[Black "O'Rourke, Ray"]
[Result "1-0"]
[WhiteElo "1965"]
[BlackElo "2023"]
[PlyCount "77"]
[EventDate "2013.07.06"]
[EventType "swiss"]
[EventRounds "9"]
[EventCountry "IRL"]
[SourceTitle "EXT 2023"]
[Source "ChessBase"]
[SourceDate "2022.10.05"]
[SourceVersion "1"]
[SourceVersionDate "2022.10.05"]
[SourceQuality "1"]

1. e4 e5 2. Bc4 Nc6 3. d3 Bc5 4. Nf3 Nf6 5. Nc3 h6 6. 0-0 0-0 7. a3 d6 8. h3 Be6 9. Bxe6 fxe6 10. Na4 Bb6 11. Nxb6 axb6 12. Be3 d5 13. exd5 exd5 14. c3 d4 15. cxd4 exd4 16. Bf4 Nd5 17. Bg3 Nf4 18. Re1 Qd5 19. Re4 g5 20. Bxf4 Rxf4 21. Rxf4 gxf4 22. Qd2 Rf8 23. Re1 Na5 24. Re5 Qd6 25. Qe2 Rf6 26. Re8+ Kg7 27. Nh4 f3 28. Nxf3 Qf4 29. Re7+ Rf7 30. Re4 Qc1+ 31. Kh2 Nc6 32. Rg4+ Kf8 33. Ne5 Nxe5 34. Qxe5 Qc6 35. Qh8+ Ke7 36. Re4+ Qxe4 37. dxe4 c5 38. Qxh6 Rf6 39. Qg5 1-0

[Event "Hampstead op U2200 02"]
[Site "Hampstead"]
[Date "2013.02.17"]
[Round "4"]
[White "Willmoth, Robert"]
[Black "Crichton, Martin"]
[Result "1-0"]
[WhiteElo "2151"]
[BlackElo "1962"]
[PlyCount "83"]
[EventDate "2013.02.16"]
[EventType "swiss"]
[EventRounds "5"]
[EventCountry "ENG"]
[SourceTitle "EXT 2014"]
[Source "ChessBase"]
[SourceDate "2013.11.20"]
[SourceVersion "1"]
[SourceVersionDate "2013.11.20"]
[SourceQuality "1"]

1. Nf3 Nf6 2. b3 d5 3. Bb2 Bf5 4. e3 e6 5. g3 Nbd7 6. Bg2 c6 7. 0-0 Be7 8. Qe2 Qc7 9. d4 0-0 10. c4 Bg4 11. h3 Bh5 12. Nbd2 Ne4 13. g4 Nxd2 14. Nxd2 Bg6 15. e4 dxe4 16. Nxe4 Bxe4 17. Qxe4 Nf6 18. Qe3 c5 19. d5 exd5 20. cxd5 Rfd8 21. Be5 Rd6 22. Rfe1 Qd8 23. Rad1 Bf8 24. Bxd6 Bxd6 25. Re2 Qa5 26. Qd2 Qc7 27. Rde1 Rd8 28. Qd3 h6 29. Qf5 c4 30. h4 cxb3 31. axb3 Bb4 32. Rd1 Qd6 33. Bf3 Bc3 34. g5 hxg5 35. hxg5 Nd7 36. g6 Qxg6+ 37. Qxg6 fxg6 38. d6 b6 39. Bd5+ Kf8 40. Rd3 Nf6 41. Rh3 Nh5 42. Rxc3 1-0

[Event "Hampstead U2200 op 2nd"]
[Site "London"]
[Date "2012.11.24"]
[Round "3"]
[White "Crichton, Martin"]
[Black "Georgiev, Ivan1111"]
[Result "1-0"]
[WhiteElo "1976"]
[BlackElo "1764"]
[PlyCount "105"]
[EventDate "2012.11.24"]
[EventType "swiss"]
[EventRounds "5"]
[EventCountry "ENG"]
[SourceTitle "EXT 2019"]
[Source "ChessBase"]
[SourceDate "2018.10.10"]
[SourceVersion "1"]
[SourceVersionDate "2018.10.10"]
[SourceQuality "1"]

1. e4 c5 2. Nc3 Nc6 3. g3 g6 4. Bg2 Bg7 5. d3 e6 6. Be3 d6 7. Nge2 Nge7 8. Qd2 e5 9. 0-0 0-0 10. h3 Nd4 11. Nd1 Nxe2+ 12. Qxe2 Rb8 13. c3 Nc6 14. Qd2 b5 15. f4 exf4 16. gxf4 b4 17. f5 bxc3 18. bxc3 Re8 19. Rc1 Qa5 20. Bh6 Be5 21. f6 Re6 22. Bg7 Qd8 23. Qg5 Ba6 24. Ne3 Bxd3 25. Ng4 Bxf6 26. Bxf6 Rxf6 27. Nxf6+ Kg7 28. Rf3 Ne5 29. Rf2 Bc4 30. Bf1 Be6 31. Nh5+ Kg8 32. Qxd8+ Rxd8 33. Nf4 Bd7 34. Rd1 Bc6 35. Nd5 Kg7 36. c4 h5 37. Be2 h4 38. Rb1 Bxd5 39. cxd5 Rd7 40. Bg4 Rc7 41. Rfb2 c4 42. Be2 c3 43. Rc2 Rc5 44. Rb3 f5 45. Rbxc3 Ra5 46. exf5 gxf5 47. Bc4 f4 48. Bb3 Kf6 49. Rf2 Kg5 50. Rg2+ Kf6 51. Rc8 Rb5 52. Rf8+ Ke7 53. Rxf4 1-0

[Event "Uxbridge op"]
[Site "Uxbridge"]
[Date "2010.03.21"]
[Round "5"]
[White "Holland, James P"]
[Black "Crichton, Martin"]
[Result "1/2-1/2"]
[WhiteElo "1973"]
[BlackElo "2001"]
[PlyCount "31"]
[EventDate "2010.03.19"]
[EventType "swiss"]
[EventRounds "5"]
[EventCountry "ENG"]
[SourceTitle "CBM 135 Extra"]
[Source "ChessBase"]
[SourceDate "2010.05.04"]
[SourceVersion "1"]
[SourceVersionDate "2010.05.04"]
[SourceQuality "1"]

1. d4 Nf6 2. c4 c5 3. d5 b5 4. Qc2 bxc4 5. e4 d6 6. Bxc4 g6 7. Nc3 Bg7 8. Nge2 0-0 9. 0-0 Ba6 10. b3 Bxc4 11. bxc4 Nbd7 12. f4 Nb6 13. Qd3 Qd7 14. Bd2 Na4 15. Qc2 Nb6 16. Qd3 1/2-1/2

[Event "Uxbridge op"]
[Site "Uxbridge"]
[Date "2010.03.21"]
[Round "4"]
[White "Tarun, Sharma"]
[Black "Crichton, Martin"]
[Result "1/2-1/2"]
[WhiteElo "1893"]
[BlackElo "2001"]
[PlyCount "112"]
[EventDate "2010.03.19"]
[EventType "swiss"]
[EventRounds "5"]
[EventCountry "ENG"]
[SourceTitle "CBM 135 Extra"]
[Source "ChessBase"]
[SourceDate "2010.05.04"]
[SourceVersion "1"]
[SourceVersionDate "2010.05.04"]
[SourceQuality "1"]

1. e4 c6 2. d4 d5 3. e5 c5 4. c3 Nc6 5. Nf3 Bg4 6. Bb5 e6 7. h3 Bxf3 8. Qxf3 cxd4 9. 0-0 dxc3 10. Nxc3 Nge7 11. Bg5 h6 12. Bxe7 Bxe7 13. Kh1 0-0 14. Bxc6 bxc6 15. Qg4 Rb8 16. Rab1 Qa5 17. f4 Rb4 18. Ne2 Rfb8 19. b3 Qxa2 20. Ra1 Qxb3 21. Rxa7 Bc5 22. Rc7 Qc4 23. Rc1 Rb1 24. Rc8+ Kh7 25. Rxb8 Rxc1+ 26. Kh2 Rc2 27. Ng3 Qd4 28. Rb1 Qd3 29. Rd1 Qg6 30. Qf3 Bf2 31. Nh5 d4 32. Kh1 Be3 33. g4 Rf2 34. Qxc6 Qc2 35. Qxc2+ Rxc2 36. f5 Rc1 37. Rxc1 Bxc1 38. Kg2 Bg5 39. Kf3 d3 40. fxe6 fxe6 41. Ng3 Kg6 42. Ne4 d2 43. Ke2 Bf4 44. Nc5 Bxe5 45. Kxd2 Kf7 46. Ke3 Bd6 47. Ne4 Bb4 48. Kf4 Ba3 49. h4 Bc1+ 50. Ke5 Bb2+ 51. Kd6 g6 52. Kd7 Ba3 53. h5 g5 54. Kc6 Ke7 55. Kc7 Bb4 56. Kc6 Ba3 1/2-1/2

[Event "Bunratty Masters op 15th"]
[Site "Bunratty"]
[Date "2008.02.22"]
[Round "1"]
[White "Crichton, Martin"]
[Black "Gunnarsson, Jon Viktor"]
[Result "1/2-1/2"]
[WhiteElo "2019"]
[BlackElo "2429"]
[PlyCount "61"]
[EventDate "2008.02.22"]
[EventType "swiss"]
[EventRounds "6"]
[EventCountry "IRL"]
[SourceTitle "CBM 123 Extra"]
[Source "ChessBase"]
[SourceDate "2008.05.06"]
[SourceVersion "1"]
[SourceVersionDate "2008.05.06"]
[SourceQuality "1"]

1. e4 c5 2. Nc3 Nc6 3. g3 g6 4. Bg2 Bg7 5. f4 d6 6. d3 Nd4 7. Nce2 e6 8. c3 Nxe2 9. Qxe2 Ne7 10. Nf3 b5 11. 0-0 a5 12. d4 cxd4 13. Nxd4 Ba6 14. Rd1 b4 15. c4 0-0 16. Be3 Rb8 17. b3 Qd7 18. Qf2 Rfd8 19. Rd2 e5 20. fxe5 dxe5 21. Nf5 Qe6 22. Nxg7 Kxg7 23. Rad1 Rxd2 24. Qxd2 Nc6 25. Bh6+ Kg8 26. Qd6 Qxd6 27. Rxd6 Bb7 28. Be3 Ra8 29. Rd7 Bc8 30. Rc7 Nd8 31. Rc5 1/2-1/2

[Event "BCF-chT4 0506 (4NCL)"]
[Site "West Bromwich"]
[Date "2006.05.28"]
[Round "10.4"]
[White "Richardson, Joe M"]
[Black "Crichton, Martin"]
[Result "0-1"]
[WhiteElo "1950"]
[BlackElo "2035"]
[PlyCount "61"]
[EventDate "2005.11.05"]
[EventType "team"]
[EventRounds "11"]
[EventCountry "ENG"]
[SourceTitle "CBM 109 Extra"]
[Source "ChessBase"]
[SourceDate "2006.01.03"]
[SourceVersion "2"]
[SourceVersionDate "2006.01.03"]
[SourceQuality "1"]
[WhiteTeam "Sussex Mindsports"]
[BlackTeam "Cavendish"]
[WhiteTeamCountry "ENG"]
[BlackTeamCountry "ENG"]

1. e4 c6 2. d4 d5 3. exd5 cxd5 4. c4 Nf6 5. Nc3 Nc6 6. Nf3 Bg4 7. Be3 e6 8. Qb3 Bxf3 9. gxf3 Qd7 10. cxd5 Nxd5 11. Nxd5 exd5 12. Bg2 Na5 13. Qd3 Bb4+ 14. Ke2 0-0 15. Rhg1 g6 16. h4 Nc4 17. b3 Nb2 18. Bh3 Qxh3 19. Qb5 Qf5 20. Rg5 Qc2+ 21. Kf1 Nd3 22. h5 Rad8 23. hxg6 hxg6 24. Kg1 Bd2 25. Bxd2 Qxd2 26. Rg2 Rfe8 27. Qxb7 Nf4 28. Rg4 Re1+ 29. Rxe1 Qxe1+ 30. Kh2 Qxf2+ 31. Kh1 0-1

[Event "BCF-chT2 0304 (4NCL)"]
[Site "West Bromwich"]
[Date "2004.03.20"]
[Round "5.7"]
[White "Crichton, Martin"]
[Black "Jackson, Adrian"]
[Result "0-1"]
[WhiteElo "1991"]
[BlackElo "2217"]
[PlyCount "76"]
[EventDate "2003.11.17"]
[EventType "team"]
[EventRounds "11"]
[EventCountry "ENG"]
[SourceTitle "EXT 2005"]
[Source "ChessBase"]
[SourceDate "2004.11.15"]
[SourceVersion "1"]
[SourceVersionDate "2004.11.15"]
[SourceQuality "1"]
[WhiteTeam "Barbican III"]
[BlackTeam "Guildford II"]
[WhiteTeamCountry "ENG"]
[BlackTeamCountry "ENG"]

1. e4 c5 2. Nf3 d6 3. Bb5+ Nd7 4. 0-0 Ngf6 5. Re1 a6 6. Bf1 e6 7. c3 Be7 8. d4 0-0 9. e5 Nd5 10. c4 Nc7 11. Bf4 d5 12. b3 dxc4 13. bxc4 cxd4 14. Nxd4 Nc5 15. Nc3 f5 16. exf6 Bxf6 17. Be5 Bxe5 18. Rxe5 b6 19. Rb1 Qf6 20. Re2 Bb7 21. Rbb2 Rad8 22. Rbd2 e5 23. Nb3 Rxd2 24. Qxd2 Rd8 25. Qe3 Rd3 26. Qc1 N7e6 27. Nxc5 Nxc5 28. Re3 Rd4 29. Qe1 e4 30. g3 h6 31. h3 Qd6 32. Kh2 Rd2 33. Bg2 Qd4 34. Ne2 Qb2 35. Kg1 Qc2 36. Nc3 Nd3 37. Rxd3 Qxd3 38. Nxe4 Rd1 0-1

[Event "BCF-chT qual (4NCL)"]
[Site "England"]
[Date "2002.06.03"]
[Round "4"]
[White "Dunlop, Chris"]
[Black "Crichton, Martin"]
[Result "1-0"]
[WhiteElo "2024"]
[BlackElo "2041"]
[PlyCount "93"]
[EventDate "2002.06.??"]
[EventType "team"]
[EventRounds "8"]
[EventCountry "ENG"]
[SourceTitle "EXT 2005"]
[Source "ChessBase"]
[SourceDate "2004.11.15"]
[SourceVersion "1"]
[SourceVersionDate "2004.11.15"]
[SourceQuality "1"]
[WhiteTeam "NW Eagles"]
[BlackTeam "Slough"]
[WhiteTeamCountry "ENG"]
[BlackTeamCountry "ENG"]

1. e4 c6 2. d4 d5 3. Nd2 dxe4 4. Nxe4 Bf5 5. Ng3 Bg6 6. Nf3 Nd7 7. h4 h6 8. h5 Bh7 9. Bd3 Bxd3 10. Qxd3 Ndf6 11. Bd2 e6 12. 0-0-0 Qc7 13. Ne4 0-0-0 14. g3 Nxe4 15. Qxe4 Bd6 16. Kb1 Kb8 17. c4 c5 18. Qe2 Ka8 19. Bc3 Nf6 20. d5 Rhe8 21. Bxf6 gxf6 22. Rhe1 f5 23. Rd3 e5 24. Nh4 Qd7 25. Rf3 f4 26. Qe4 Qg4 27. Nf5 Qxh5 28. Ng7 f5 29. Nxf5 Bf8 30. Rb3 Qf7 31. g4 h5 32. gxh5 Qxh5 33. Rh1 Qf7 34. Rbh3 Qc7 35. a3 Kb8 36. Ka2 a6 37. Rh7 Qc8 38. Rf7 Rd7 39. Rhh7 Rxf7 40. Rxf7 Qd8 41. d6 Qb6 42. d7 Rd8 43. Qxe5+ Qc7 44. Qd5 b5 45. Rxf8 Rxf8 46. Ne7 Rd8 47. Nc6+ 1-0

[Event "BCF-chT2 0102 (4NCL)"]
[Site "Birmingham"]
[Date "2002.01.20"]
[Round "6.6"]
[White "Crichton, Martin"]
[Black "Smallbone, Kieran"]
[Result "0-1"]
[WhiteElo "2041"]
[BlackElo "2110"]
[PlyCount "116"]
[EventDate "2001.09.22"]
[EventType "team"]
[EventRounds "11"]
[EventCountry "ENG"]
[SourceTitle "EXT 2003"]
[Source "ChessBase"]
[SourceDate "2002.11.25"]
[SourceVersion "1"]
[SourceVersionDate "2002.11.25"]
[SourceQuality "1"]
[WhiteTeam "Slough II"]
[BlackTeam "Warwicks Select"]
[WhiteTeamCountry "ENG"]
[BlackTeamCountry "ENG"]

1. e4 d6 2. d4 Nf6 3. Nc3 c6 4. Be2 Qa5 5. Bd2 Qc7 6. Nf3 Bg4 7. 0-0 e6 8. Ng5 Bxe2 9. Qxe2 h6 10. Nf3 e5 11. d5 Be7 12. b4 cxd5 13. exd5 0-0 14. Nb5 Qc8 15. c4 a6 16. Nc3 b6 17. Rfc1 Nbd7 18. a4 Qb7 19. a5 bxa5 20. Rxa5 Qxb4 21. Rca1 Rfc8 22. R5a4 Qb7 23. Be3 Qc7 24. Nb5 Qb7 25. Qa2 Nb6 26. Bxb6 Qxb6 27. Nd2 Nxd5 28. Rxa6 Rxa6 29. Qxa6 Qxa6 30. Rxa6 Nb4 31. Ra1 d5 32. cxd5 Nxd5 33. g3 Rb8 34. Na7 Bc5 35. Nc6 Rb7 36. Ne4 Bd4 37. Nxd4 exd4 38. Ra4 Rb4 39. Rxb4 Nxb4 40. f4 f6 41. Kf2 Kf7 42. Nc5 Ke7 43. Nb3 Nc6 44. Kf3 Ke6 45. Ke4 f5+ 46. Kd3 Kd5 47. Nd2 Nb4+ 48. Ke2 Na6 49. h3 Nc5 50. g4 Ne4 51. Nf3 Kc4 52. gxf5 Kc3 53. Ne5 Nc5 54. f6 gxf6 55. Ng4 d3+ 56. Ke3 d2 57. Nf2 Kc2 58. Ke2 Ne4 0-1

[Event "Bunratty Masters op"]
[Site "Bunratty"]
[Date "1999.02.19"]
[Round "3"]
[White "Hurley, John"]
[Black "Crichton, Martin"]
[Result "1/2-1/2"]
[WhiteElo "2105"]
[BlackElo "2030"]
[PlyCount "38"]
[EventDate "1999.02.18"]
[EventType "swiss"]
[EventRounds "6"]
[EventCountry "IRL"]
[SourceTitle "EXT 2000"]
[Source "ChessBase"]
[SourceDate "1999.11.16"]
[SourceVersion "1"]
[SourceVersionDate "1999.11.16"]
[SourceQuality "1"]

1. e4 c6 2. d4 d5 3. Nc3 dxe4 4. Nxe4 Bf5 5. Ng3 Bg6 6. Nf3 Nd7 7. Bc4 e6 8. h4 h6 9. Qe2 Ngf6 10. Be3 Nd5 11. 0-0-0 Bd6 12. h5 Bh7 13. Bd3 Bxd3 14. Qxd3 Qa5 15. Ne4 Be7 16. Kb1 Nxe3 17. fxe3 0-0-0 18. c4 Rhf8 19. Nc3 Nf6 1/2-1/2